000 00931nam a2200277 i 4500
003 DO-SdBNP
005 20250616142528.0
007 ta
008 250616b2024 dr ac||| |||| 00| 0 spa d
020 _a9788350739060
040 _aDO-SdBNP
_bspa
_cBNPHU
_erda
041 _aspa
082 4 _222
_axxx
_bxxx
100 _aCardetti, Marcelo,
_eautor
_4aut
_987990
245 1 0 _aResolviendo casos clínicos en la guardia de neonatología a la manera de SIBEN /
_cMarcelo Cardetti, Ignacio Sosa, Augusto Sola
264 1 _aSanto Domingo :
_bEdiciones SIBEN,
_c2024.
300 _a719 páginas :
_bilustraciones, retratos ;
_c21 cm.
336 _atexto
_btxt
_2rdacontent
337 _asin mediación
_bn
_2rdamedia
338 _avolumen
_bnc
_2rdacarrier
590 _aInventariado, 2025/BT
700 1 _aSosa, Ignacio,
_eautor
_4aut.
_988128
700 1 _aSola, Augusto,
_eautor
_4aut.
_987911
910 _aBtavárez
942 _2ddc
_cLBS1
999 _c58652
_d58652